Global marketing and advertising : understanding cultural paradoxes
Αποθηκεύτηκε σε:
| Κύριος συγγραφέας: | |
|---|---|
| Μορφή: | Βιβλίο |
| Γλώσσα: | English |
| Δημοσίευση: |
Thousand Oaks :
Sage,
1998
|
| Θέματα: | |
| Ετικέτες: |
Προσθήκη ετικέτας
Δεν υπάρχουν, Καταχωρήστε ετικέτα πρώτοι!
|
MARC
| LEADER | 00000nam a2200000 i 4500 | ||
|---|---|---|---|
| 001 | 1/61825 | ||
| 008 | 000612s1998 eng d | ||
| 020 | |a 0803959702 | ||
| 035 | |l 10028963 | ||
| 040 | |a GR-MY-UA |b gre |e aacr | ||
| 041 | 0 | |a eng | |
| 082 | 0 | |a 658.802 | |
| 100 | 1 | |a Mooij, Marieke K. de |d 1943- | |
| 245 | 1 | 0 | |a Global marketing and advertising : |b understanding cultural paradoxes / |c Marieke de Mooij |
| 260 | |a Thousand Oaks : |b Sage, |c 1998 | ||
| 300 | |a xx, 316 p. | ||
| 504 | |a Includes index | ||
| 650 | 0 | 0 | |a Target marketing |x Cross-cultural studies. |
| 650 | 0 | 0 | |a Advertising |x Cross-cultural studies. |
| 650 | 0 | 0 | |a Consumer behavior |x Cross-cultural studies. |
| 852 | |a INST |b CHIOS |e 20000612 |h 658.802 MOO |p 005200016189 |q 005200016189 |t BK |y 0 | ||
| 901 | |a BIBL-1998-2 | ||
| 909 | |a Χ |b 057360 | ||
| 922 | |a 2ΕΛΗ |b 199805 |c ΤΔΕ |d ΠΑΠΑΣΩΤΗΡΙΟΥ | ||